أسرار العلاج بعسل النحل : عسل النحل و علاج أمراض القلب و الدم . عسل النحل للمرأة الحامل و علاج نزلات البرد . عسل النحل و علاج الأرق و السرطان و الكبد . عسل النحل و علاج الأطفال و التبول اللإرادي . عسل النحل و علاج الجروح و أمراض العيون . عسل النحل و علاج حب الشباب و التهاب البشرة / (رقم التسجيلة. 105261)

تفاصيل مارك
000 -LEADER
fixed length control field 00941nam a22001697a 4500
005 - DATE AND TIME OF LATEST TRANSACTION
control field 20251108173508.0
008 - FIXED-LENGTH DATA ELEMENTS--GENERAL INFORMATION
fixed length control field 250721s2004 xx 000 0 ara d
082 14 - DEWEY DECIMAL CLASSIFICATION NUMBER
Classification number 615.89/عبد
100 1# - MAIN ENTRY--PERSONAL NAME
Personal name عبد الله، محمد محمود
245 10 - TITLE STATEMENT
Title أسرار العلاج بعسل النحل : عسل النحل و علاج أمراض القلب و الدم . عسل النحل للمرأة الحامل و علاج نزلات البرد . عسل النحل و علاج الأرق و السرطان و الكبد . عسل النحل و علاج الأطفال و التبول اللإرادي . عسل النحل و علاج الجروح و أمراض العيون . عسل النحل و علاج حب الشباب و التهاب البشرة /
264 1# - PRODUCTION, PUBLICATION, DISTRIBUTION, MANUFACTURE, AND COPYRIGHT NOTICE
Place of production, publication, distribution, manufacture الجيزة :
Name of producer, publisher, distributor, manufacturer مكتبة النافذة،
Date of production, publication, distribution, manufacture, or copyright notice 2004.
300 ## - PHYSICAL DESCRIPTION
Extent 103 ص.
650 17 - SUBJECT ADDED ENTRY--TOPICAL TERM
Topical term or geographic name as entry element الطب الشعبي
650 17 - SUBJECT ADDED ENTRY--TOPICAL TERM
Topical term or geographic name as entry element العسل
942 ## - ADDED ENTRY ELEMENTS (KOHA)
Source of classification or shelving scheme Dewey Decimal Classification
Koha item type كتب
المقتنيات
حالة السحب حالة الفقدان مصدر التصنيف حالة التلف غير قابل للإعارة المكتبة الرئيسية المكتبة الحالية موقع الرف تاريخ التزويد الرقم المتسلسل Total Checkouts رقم الإستدعاء الباركود تاريخ آخر ظهور تاريخ الفاتورة نوع المادة (كوها)
    Dewey Decimal Classification     المكتبة المركزية المكتبة المركزية الإعارة 28/07/2025 1084971   615.89/عبد 1084971 28/07/2025 28/07/2025 كتب
    Dewey Decimal Classification   Not For Loan المكتبة المركزية المكتبة المركزية مقتنيات قسم التزويد 28/07/2025 1084972   615.89/عبد 1084972 28/07/2025 28/07/2025 كتب
    Dewey Decimal Classification   Not For Loan المكتبة المركزية المكتبة المركزية مقتنيات قسم التزويد 28/07/2025 1084973   615.89/عبد 1084973 28/07/2025 28/07/2025 كتب
    Dewey Decimal Classification   Not For Loan المكتبة المركزية المكتبة المركزية مقتنيات قسم التزويد 28/07/2025 1084974   615.89/عبد 1084974 28/07/2025 28/07/2025 كتب
    Dewey Decimal Classification     مكتبة الراية الهاشمية للأطفال مكتبة الراية الهاشمية للأطفال الأطفال 08/09/2015 1466354   615.89/عبد PLD00345607 28/07/2025 08/09/2015 كتب
Implemented & Customized by: BBB with SCIT (Smart Chains for Information Technology)

Powered by Koha